{"text_format":"1","workbook":"xlsx","n_sheets":2,"sheets":["Расчет","Спецификация"],"not_rendered":{"charts":0,"images":1,"macros":1,"external_links":0,"defined_names":0,"comments":0,"pivot_tables":0},"unopened":[],"bounds":{"document_bytes":16777216,"sheet_cells":100000,"rows_first":2000,"rows_last":500,"rows_between":2000,"halvings":0,"cell_chars":16384,"cell_head_chars":4096},"cells_cut":0,"cells_raw":0,"read":"whole","date_system":"1900"}

{"sheet":"Расчет","index":0,"n_rows":362,"n_cols":24,"rows_kept":362,"cut":false,"hidden":false,"merged":[[357,16,357,17],[357,18,357,19],[357,20,357,21],[358,0,358,2],[358,10,358,11],[358,12,358,13],[358,14,358,15],[358,16,358,17],[358,18,358,19],[358,20,358,21],[354,0,354,2],[354,10,354,11],[354,12,354,13],[354,14,354,15],[354,16,354,17],[354,18,354,19],[354,20,354,21],[355,0,355,2],[355,10,355,11],[355,12,355,13],[355,14,355,15],[355,16,355,17],[355,18,355,19],[355,20,355,21],[359,0,359,2],[359,10,359,11],[359,12,359,13],[359,14,359,15],[359,16,359,17],[359,18,359,19],[359,20,359,21],[356,0,356,2],[356,10,356,11],[356,12,356,13],[356,14,356,15],[356,16,356,17],[356,18,356,19],[356,20,356,21],[357,0,357,2],[357,10,357,11],[357,12,357,13],[357,14,357,15],[351,0,351,2],[351,10,351,11],[351,12,351,13],[351,14,351,15],[351,16,351,17],[351,18,351,19],[351,20,351,21],[352,0,352,2],[352,10,352,11],[352,12,352,13],[352,14,352,15],[352,16,352,17],[352,18,352,19],[352,20,352,21],[353,0,353,2],[353,10,353,11],[353,12,353,13],[353,14,353,15],[353,16,353,17],[353,18,353,19],[353,20,353,21],[348,0,348,2],[348,10,348,11],[348,12,348,13],[348,14,348,15],[348,16,348,17],[348,18,348,19],[348,20,348,21],[349,0,349,2],[349,10,349,11],[349,12,349,13],[349,14,349,15],[349,16,349,17],[349,18,349,19],[349,20,349,21],[350,0,350,2],[350,10,350,11],[350,12,350,13],[350,14,350,15],[350,16,350,17],[350,18,350,19],[350,20,350,21],[345,0,345,2],[345,10,345,11],[345,12,345,13],[345,14,345,15],[345,16,345,17],[345,18,345,19],[345,20,345,21],[346,0,346,2],[346,10,346,11],[346,12,346,13],[346,14,346,15],[346,16,346,17],[346,18,346,19],[346,20,346,21],[347,0,347,2],[347,10,347,11],[347,12,347,13],[347,14,347,15],[347,16,347,17],[347,18,347,19],[347,20,347,21],[342,0,342,2],[342,10,342,11],[342,12,342,13],[342,14,342,15],[342,16,342,17],[342,18,342,19],[342,20,342,21],[343,0,343,2],[343,10,343,11],[343,12,343,13],[343,14,343,15],[343,16,343,17],[343,18,343,19],[343,20,343,21],[344,0,344,2],[344,10,344,11],[344,12,344,13],[344,14,344,15],[344,16,344,17],[344,18,344,19],[344,20,344,21],[339,0,339,2],[339,10,339,11],[339,12,339,13],[339,14,339,15],[339,16,339,17],[339,18,339,19],[339,20,339,21],[340,0,340,2],[340,10,340,11],[340,12,340,13],[340,14,340,15],[340,16,340,17],[340,18,340,19],[340,20,340,21],[341,0,341,2],[341,10,341,11],[341,12,341,13],[341,14,341,15],[341,16,341,17],[341,18,341,19],[341,20,341,21],[95,18,95,19],[95,20,95,21],[96,0,96,2],[96,10,96,11],[96,12,96,13],[96,14,96,15],[96,16,96,17],[96,18,96,19],[96,20,96,21],[104,14,104,15],[104,20,104,21],[94,18,94,19],[66,0,66,2],[338,0,338,2],[338,10,338,11],[338,12,338,13],[338,14,338,15],[338,16,338,17],[338,18,338,19],[338,20,338,21],[175,20,175,21],[173,20,173,21],[177,20,177,21],[174,18,174,19],[258,20,258,21],[257,20,257,21],[248,20,248,21],[176,18,176,19],[148,0,148,2],[120,12,120,13],[132,0,132,2],[132,10,132,11],[132,12,132,13],[132,14,132,15],[125,14,125,15],[104,16,104,17],[104,18,104,19],[117,18,117,19],[123,0,123,2],[123,14,123,15],[142,10,142,11],[141,10,141,11],[128,14,128,15],[126,14,126,15],[105,18,105,19],[146,16,146,17],[122,16,122,17],[251,14,251,15],[251,16,251,17],[251,18,251,19],[251,20,251,21],[252,0,252,2],[252,10,252,11],[252,12,252,13],[255,0,255,2],[255,10,255,11],[255,12,255,13],[255,14,255,15],[255,16,255,17],[253,10,253,11],[253,12,253,13],[253,14,253,15],[253,0,253,2],[252,16,252,17],[252,20,252,21],[255,18,255,19],[255,20,255,21],[256,12,256,13],[256,14,256,15],[256,16,256,17],[256,18,256,19],[250,0,250,2],[257,18,257,19],[254,0,254,2],[254,10,254,11],[254,12,254,13],[254,14,254,15],[248,0,248,2],[248,10,248,11],[248,12,248,13],[248,14,248,15],[249,0,249,2],[249,10,249,11],[249,12,249,13],[249,14,249,15],[252,14,252,15],[252,18,252,19],[250,10,250,11],[250,12,250,13],[257,0,257,2],[257,12,257,13],[257,14,257,15],[249,16,249,17],[249,18,249,19],[250,14,250,15],[250,16,250,17],[251,0,251,2],[251,10,251,11],[251,12,251,13],[250,20,250,21],[253,16,253,17],[253,18,253,19],[253,20,253,21],[248,16,248,17],[248,18,248,19],[261,10,261,11],[258,0,258,2],[258,10,258,11],[258,14,258,15],[258,12,258,13],[278,16,278,17],[278,18,278,19],[278,20,278,21],[277,0,277,2],[259,12,259,13],[259,14,259,15],[259,16,259,17],[259,18,259,19],[269,0,269,2],[254,16,254,17],[260,0,260,2],[260,12,260,13],[260,14,260,15],[260,16,260,17],[256,20,256,21],[259,20,259,21],[278,0,278,2],[278,10,278,11],[278,12,278,13],[256,0,256,2],[256,10,256,11],[260,20,260,21],[269,10,269,11],[269,12,269,13],[269,14,269,15],[275,16,275,17],[275,18,275,19],[275,20,275,21],[276,0,276,2],[276,10,276,11],[276,12,276,13],[276,14,276,15],[276,16,276,17],[276,18,276,19],[276,20,276,21],[270,14,270,15],[270,16,270,17],[270,18,270,19],[270,20,270,21],[271,0,271,2],[271,10,271,11],[271,12,271,13],[274,18,274,19],[274,20,274,21],[270,0,270,2],[270,10,270,11],[270,12,270,13],[271,14,271,15],[271,16,271,17],[271,18,271,19],[271,20,271,21],[275,12,275,13],[275,14,275,15],[275,0,275,2],[275,10,275,11],[269,16,269,17],[269,18,269,19],[269,20,269,21],[268,16,268,17],[268,18,268,19],[268,20,268,21],[257,16,257,17],[308,0,308,2],[308,10,308,11],[308,12,308,13],[308,14,308,15],[308,16,308,17],[308,18,308,19],[308,20,308,21],[302,14,302,15],[302,16,302,17],[302,18,302,19],[302,20,302,21],[303,0,303,2],[303,10,303,11],[303,12,303,13],[303,14,303,15],[303,16,303,17],[303,18,303,19],[265,0,265,2],[265,10,265,11],[278,14,278,15],[260,18,260,19],[265,12,265,13],[265,14,265,15],[265,16,265,17],[265,18,265,19],[265,20,265,21],[309,0,309,2],[309,10,309,11],[309,12,309,13],[309,14,309,15],[309,16,309,17],[309,18,309,19],[309,20,309,21],[305,0,305,2],[305,10,305,11],[305,12,305,13],[305,14,305,15],[305,16,305,17],[305,18,305,19],[305,20,305,21],[306,0,306,2],[306,10,306,11],[306,12,306,13],[306,14,306,15],[306,16,306,17],[306,18,306,19],[306,20,306,21],[307,0,307,2],[307,10,307,11],[307,12,307,13],[307,14,307,15],[307,16,307,17],[274,16,274,17],[307,18,307,19],[307,20,307,21],[302,0,302,2],[302,10,302,11],[302,12,302,13],[303,20,303,21],[304,0,304,2],[304,10,304,11],[304,12,304,13],[304,14,304,15],[304,16,304,17],[304,18,304,19],[304,20,304,21],[299,0,299,2],[299,10,299,11],[299,12,299,13],[299,14,299,15],[299,16,299,17],[299,18,299,19],[299,20,299,21],[300,0,300,2],[300,10,300,11],[300,12,300,13],[300,14,300,15],[300,16,300,17],[300,18,300,19],[300,20,300,21],[301,0,301,2],[301,10,301,11],[301,12,301,13],[301,14,301,15],[301,16,301,17],[295,0,295,2],[295,10,295,11],[295,12,295,13],[295,14,295,15],[295,16,295,17],[295,18,295,19],[295,20,295,21],[301,18,301,19],[301,20,301,21],[296,0,296,2],[296,10,296,11],[296,12,296,13],[296,14,296,15],[296,16,296,17],[296,18,296,19],[296,20,296,21],[297,0,297,2],[297,10,297,11],[297,12,297,13],[297,14,297,15],[297,16,297,17],[297,18,297,19],[297,20,297,21],[298,0,298,2],[298,10,298,11],[298,12,298,13],[298,14,298,15],[298,16,298,17],[298,18,298,19],[298,20,298,21],[292,0,292,2],[292,10,292,11],[292,12,292,13],[292,14,292,15],[292,16,292,17],[292,18,292,19],[292,20,292,21],[293,0,293,2],[293,10,293,11],[293,12,293,13],[293,14,293,15],[293,16,293,17],[293,18,293,19],[293,20,293,21],[294,0,294,2],[294,10,294,11],[294,12,294,13],[294,14,294,15],[294,16,294,17],[294,18,294,19],[294,20,294,21],[289,0,289,2],[289,10,289,11],[289,12,289,13],[289,14,289,15],[289,16,289,17],[289,18,289,19],[289,20,289,21],[290,0,290,2],[290,10,290,11],[290,12,290,13],[290,14,290,15],[290,16,290,17],[290,18,290,19],[290,20,290,21],[291,0,291,2],[291,10,291,11],[291,12,291,13],[291,14,291,15],[291,16,291,17],[291,18,291,19],[291,20,291,21],[286,0,286,2],[286,10,286,11],[286,12,286,13],[286,14,286,15],[286,16,286,17],[286,18,286,19],[286,20,286,21],[287,0,287,2],[287,10,287,11],[287,12,287,13],[287,14,287,15],[287,16,287,17],[287,18,287,19],[287,20,287,21],[288,0,288,2],[288,10,288,11],[288,12,288,13],[288,14,288,15],[288,16,288,17],[288,18,288,19],[288,20,288,21],[282,0,282,2],[282,10,282,11],[282,12,282,13],[282,14,282,15],[284,0,284,2],[284,10,284,11],[284,12,284,13],[284,14,284,15],[284,16,284,17],[284,18,284,19],[284,20,284,21],[285,0,285,2],[285,10,285,11],[285,12,285,13],[285,14,285,15],[285,16,285,17],[285,18,285,19],[285,20,285,21],[279,0,279,2],[279,10,279,11],[279,12,279,13],[279,14,279,15],[279,16,279,17],[279,18,279,19],[279,20,279,21],[280,0,280,2],[280,10,280,11],[280,12,280,13],[280,14,280,15],[280,16,280,17],[280,18,280,19],[280,20,280,21],[281,0,281,2],[281,10,281,11],[281,12,281,13],[281,14,281,15],[281,16,281,17],[281,18,281,19],[281,20,281,21],[330,0,330,2],[330,10,330,11],[330,12,330,13],[330,14,330,15],[330,16,330,17],[330,18,330,19],[330,20,330,21],[331,0,331,2],[331,10,331,11],[331,12,331,13],[331,14,331,15],[331,16,331,17],[331,18,331,19],[331,20,331,21],[332,0,332,2],[332,10,332,11],[332,12,332,13],[332,14,332,15],[332,16,332,17],[332,18,332,19],[332,20,332,21],[327,0,327,2],[327,10,327,11],[327,12,327,13],[327,14,327,15],[327,16,327,17],[327,18,327,19],[327,20,327,21],[328,0,328,2],[328,10,328,11],[328,12,328,13],[328,14,328,15],[328,16,328,17],[328,18,328,19],[328,20,328,21],[329,0,329,2],[329,10,329,11],[329,12,329,13],[329,14,329,15],[329,16,329,17],[329,18,329,19],[329,20,329,21],[324,0,324,2],[324,10,324,11],[324,12,324,13],[324,14,324,15],[324,16,324,17],[324,18,324,19],[324,20,324,21],[325,0,325,2],[325,10,325,11],[325,12,325,13],[325,14,325,15],[325,16,325,17],[325,18,325,19],[325,20,325,21],[326,0,326,2],[326,10,326,11],[326,12,326,13],[326,14,326,15],[326,16,326,17],[326,18,326,19],[326,20,326,21],[321,0,321,2],[321,10,321,11],[321,12,321,13],[321,14,321,15],[321,16,321,17],[321,18,321,19],[321,20,321,21],[322,0,322,2],[322,10,322,11],[322,12,322,13],[322,14,322,15],[322,16,322,17],[322,18,322,19],[322,20,322,21],[323,0,323,2],[323,10,323,11],[323,12,323,13],[323,14,323,15],[323,16,323,17],[323,18,323,19],[323,20,323,21],[318,0,318,2],[318,10,318,11],[318,12,318,13],[318,14,318,15],[318,16,318,17],[318,18,318,19],[318,20,318,21],[319,0,319,2],[319,10,319,11],[319,12,319,13],[319,14,319,15],[319,16,319,17],[319,18,319,19],[319,20,319,21],[320,0,320,2],[320,10,320,11],[320,12,320,13],[320,14,320,15],[320,16,320,17],[320,18,320,19],[320,20,320,21],[314,20,314,21],[315,0,315,2],[315,10,315,11],[315,12,315,13],[315,14,315,15],[315,16,315,17],[315,18,315,19],[315,20,315,21],[316,0,316,2],[316,10,316,11],[316,12,316,13],[316,14,316,15],[316,16,316,17],[316,18,316,19],[316,20,316,21],[317,0,317,2],[317,10,317,11],[317,12,317,13],[317,14,317,15],[317,16,317,17],[317,18,317,19],[317,20,317,21],[311,0,311,2],[311,10,311,11],[311,12,311,13],[311,14,311,15],[311,16,311,17],[311,18,311,19],[311,20,311,21],[312,0,312,2],[312,10,312,11],[312,12,312,13],[312,14,312,15],[312,16,312,17],[312,18,312,19],[312,20,312,21],[313,0,313,2],[313,10,313,11],[313,12,313,13],[313,14,313,15],[313,16,313,17],[313,18,313,19],[313,20,313,21],[266,16,266,17],[261,0,261,2],[261,16,261,17],[266,0,266,2],[266,10,266,11],[266,12,266,13],[266,18,266,19],[266,20,266,21],[267,0,267,2],[267,10,267,11],[267,12,267,13],[267,14,267,15],[267,16,267,17],[267,18,267,19],[267,20,267,21],[310,0,310,2],[310,10,310,11],[310,12,310,13],[310,14,310,15],[310,16,310,17],[310,18,310,19],[310,20,310,21],[282,16,282,17],[282,18,282,19],[282,20,282,21],[283,0,283,2],[283,10,283,11],[283,12,283,13],[283,14,283,15],[283,16,283,17],[283,18,283,19],[283,20,283,21],[268,0,268,2],[268,10,268,11],[268,12,268,13],[268,14,268,15],[261,12,261,13],[277,18,277,19],[277,20,277,21],[272,0,272,2],[272,10,272,11],[272,12,272,13],[272,14,272,15],[272,16,272,17],[272,18,272,19],[272,20,272,21],[273,0,273,2],[273,10,273,11],[273,12,273,13],[273,14,273,15],[273,16,273,17],[273,18,273,19],[273,20,273,21],[274,0,274,2],[274,10,274,11],[274,12,274,13],[274,14,274,15],[277,10,277,11],[277,12,277,13],[277,14,277,15],[277,16,277,17],[261,18,261,19],[261,20,261,21],[266,14,266,15],[242,0,242,2],[246,0,246,2],[246,10,246,11],[246,12,246,13],[246,14,246,15],[264,20,264,21],[263,20,263,21],[262,20,262,21],[264,18,264,19],[263,18,263,19],[262,18,262,19],[264,16,264,17],[263,16,263,17],[264,12,264,13],[263,12,263,13],[262,12,262,13],[259,0,259,2],[259,10,259,11],[262,16,262,17],[264,14,264,15],[263,14,263,15],[262,14,262,15],[264,10,264,11],[263,10,263,11],[262,10,262,11],[264,0,264,2],[263,0,263,2],[262,0,262,2],[261,14,261,15],[260,10,260,11],[249,20,249,21],[250,18,250,19],[238,16,238,17],[241,20,241,21],[242,12,242,13],[244,16,244,17],[243,16,243,17],[258,16,258,17],[258,18,258,19],[257,10,257,11],[254,18,254,19],[254,20,254,21],[245,0,245,2],[245,10,245,11],[245,12,245,13],[245,14,245,15],[245,16,245,17],[245,18,245,19],[245,20,245,21],[242,16,242,17],[244,14,244,15],[243,14,243,15],[242,14,242,15],[247,0,247,2],[247,10,247,11],[247,12,247,13],[247,14,247,15],[247,16,247,17],[247,18,247,19],[247,20,247,21],[243,10,243,11],[242,10,242,11],[244,0,244,2],[243,0,243,2],[233,0,233,2],[233,10,233,11],[233,12,233,13],[233,14,233,15],[233,16,233,17],[246,16,246,17],[246,18,246,19],[246,20,246,21],[244,12,244,13],[243,12,243,13],[240,0,240,2],[240,10,240,11],[240,12,240,13],[240,14,240,15],[240,16,240,17],[240,18,240,19],[240,20,240,21],[241,0,241,2],[241,10,241,11],[241,12,241,13],[241,14,241,15],[237,0,237,2],[237,10,237,11],[237,12,237,13],[237,14,237,15],[237,16,237,17],[237,18,237,19],[237,20,237,21],[238,0,238,2],[238,10,238,11],[238,12,238,13],[238,14,238,15],[230,0,230,2],[230,10,230,11],[230,12,230,13],[230,14,230,15],[230,16,230,17],[239,20,239,21],[244,20,244,21],[241,16,241,17],[241,18,241,19],[231,0,231,2],[231,10,231,11],[231,12,231,13],[231,14,231,15],[231,16,231,17],[231,18,231,19],[231,20,231,21],[232,0,232,2],[232,10,232,11],[232,12,232,13],[232,14,232,15],[232,16,232,17],[232,18,232,19],[232,20,232,21],[234,18,234,19],[234,16,234,17],[234,14,234,15],[234,12,234,13],[234,20,234,21],[234,10,234,11],[234,0,234,2],[238,18,238,19],[238,20,238,21],[227,14,227,15],[227,16,227,17],[227,18,227,19],[227,20,227,21],[226,20,226,21],[233,18,233,19],[233,20,233,21],[235,0,235,2],[235,10,235,11],[235,12,235,13],[235,14,235,15],[235,16,235,17],[235,18,235,19],[235,20,235,21],[236,0,236,2],[236,10,236,11],[236,12,236,13],[236,14,236,15],[228,0,228,2],[228,10,228,11],[228,12,228,13],[228,14,228,15],[228,16,228,17],[228,18,228,19],[228,20,228,21],[229,0,229,2],[229,10,229,11],[229,12,229,13],[229,14,229,15],[229,16,229,17],[229,18,229,19],[229,20,229,21],[223,0,223,2],[223,10,223,11],[223,12,223,13],[223,14,223,15],[223,16,223,17],[223,18,223,19],[223,20,223,21],[224,0,224,2],[224,10,224,11],[224,12,224,13],[224,14,224,15],[224,16,224,17],[224,18,224,19],[224,20,224,21],[230,18,230,19],[230,20,230,21],[225,0,225,2],[225,10,225,11],[225,12,225,13],[225,14,225,15],[225,16,225,17],[225,18,225,19],[225,20,225,21],[226,0,226,2],[226,10,226,11],[226,12,226,13],[226,14,226,15],[226,16,226,17],[226,18,226,19],[227,0,227,2],[227,10,227,11],[227,12,227,13],[220,0,220,2],[220,10,220,11],[220,12,220,13],[220,14,220,15],[220,16,220,17],[220,18,220,19],[220,20,220,21],[221,0,221,2],[221,10,221,11],[221,12,221,13],[221,14,221,15],[221,16,221,17],[221,18,221,19],[221,20,221,21],[219,20,219,21],[222,0,222,2],[222,10,222,11],[222,12,222,13],[222,14,222,15],[222,16,222,17],[222,18,222,19],[222,20,222,21],[217,0,217,2],[217,10,217,11],[217,12,217,13],[217,14,217,15],[217,16,217,17],[217,18,217,19],[217,20,217,21],[214,12,214,13],[214,14,214,15],[214,16,214,17],[214,18,214,19],[213,0,213,2],[213,10,213,11],[213,12,213,13],[213,14,213,15],[213,16,213,17],[218,0,218,2],[218,10,218,11],[218,12,218,13],[218,14,218,15],[218,16,218,17],[218,18,218,19],[218,20,218,21],[212,0,212,2],[212,10,212,11],[212,12,212,13],[212,14,212,15],[212,16,212,17],[212,18,212,19],[210,0,210,2],[210,10,210,11],[210,12,210,13],[215,0,215,2],[215,10,215,11],[215,12,215,13],[215,14,215,15],[215,16,215,17],[215,18,215,19]],"merged_total":2419,"flags":["merged_cut"]}
[]
[]
[]
[]
[]
[{"$f":"ROW(A280)","v":280}]
[{"$f":"ROW(A313)","v":313}]
[{"$f":"ROW(A361)","v":361}]
[]
[]
[]
[]
[]
[]
[]
[]
[]
["Профильная труба 60*60*3,0",null,null,"Основание","в производстве","м.п.","","",0,1000,30,null,248.7,null,7915.0427767335004,null,30,null,7461,null,30,null,161.4,0.108]
["Лист 4 мм г/к",null,null,"Основание","в производстве","м2",1000,1000,1,"",1,null,1337.9,null,1419.3185539460865,null,1,null,1337.9,null,1,null,31.2,0]
["Заглушка пластиковая 60х60",null,null,"Основание","в производстве","шт.","","",0,1000,6,null,20,null,127.30265825063935,null,6,null,120,null,6,null,0,0]
["Уголок 25*3",null,null,"Основание","в производстве","м.п.","","",0,1000,24,null,59,null,1502.1713673575443,null,24,null,1416,null,24,null,28.08,0]
["Гайка М10",null,null,"Основание","в производстве","шт.","","",0,1000,0,null,1.59,null,0,null,0,null,0,null,0,null,0,0]
["Анкер болт М12х120мм",null,null,"Основание","в производстве","шт.","","",0,1000,24,null,26,null,661.97382290332462,null,24,null,624,null,24,null,2.3040000000000003,0]
["П-образный крепеж",null,null,"Основание","в производстве","шт.","","",0,1000,14,null,70.67,null,1049.589200166813,null,14,null,989.38,null,14,null,0,0]
["Болт М12х80 мм",null,null,"Основание","в производстве","шт.","","",0,1000,14,null,14.3,null,212.38326818148332,null,14,null,200.20000000000002,null,14,null,0,0]
["Гайка М12",null,null,"Основание","в производстве","шт.","","",0,1000,14,null,2.12,null,31.4861908073248,null,14,null,29.68,null,14,null,0.20832000000000001,0]
["Шайба 12",null,null,"Основание","в производстве","шт.","","",0,1000,28,null,0.94,null,27.921716376306893,null,28,null,26.32,null,28,null,1.75,0]
["Пружина 256х29 мм",null,null,"Основание","перекупное","шт.","","",0,1000,162,null,124,null,21310.464991157023,null,162,null,20088,null,162,null,0,0]
["Пружина 174х27,5 мм",null,null,"Основание","перекупное","шт.","","",0,1000,0,null,68.099999999999994,null,0,null,0,null,0,null,0,null,0,0]
["ПВХ ткань 2-слойная 650",null,null,"Основание","в производстве","м2",1000,1000,1,"",39,null,178,null,7364.4587797994855,null,39,null,6942,null,39,null,0,0]
["Поролон 40 мм",null,null,"Основание","в производстве","м2",1000,1000,1,"",14,null,244.9,null,3637.2491173178505,null,14,null,3428.6,null,14,null,12.32,0]
["ВВПУ 30 мм",null,null,"Основание","в производстве","м2",1000,1000,1,"",14,null,425.5,null,6319.5161266588211,null,14,null,5957,null,14,null,0,0]
["Клей для поролона",null,null,"Основание","в производстве","кг","","",0,1000,3,null,220,null,700.16462037851636,null,3,null,660,null,3,null,0,0]
["ПВХ ткань 2-слойная 650",null,null,"Основание","в производстве","м2",1000,1000,1,"",18,null,178,null,3398.9809752920701,null,18,null,3204,null,18,null,0,0]
["Шнур 2,5мм (100м)",null,null,"Основание","в производстве","м.п.","","",0,1000,100,null,1.25,null,132.60693567774931,null,100,null,125,null,100,null,0,0]
["Люверс стальной №31 31*16мм",null,null,"Основание","в производстве","шт.","","",0,1000,270,null,3,null,859.29294319181554,null,270,null,810,null,270,null,0,0]
["Клей для ПВХ (900-И)",null,null,"Основание","в производстве","кг","","",0,1000,1,null,267,null,283.24841460767254,null,1,null,267,null,1,null,0,0]
["Пряжка 40 мм",null,null,"Основание","в производстве","шт.","","",0,1000,0,null,2,null,0,null,0,null,0,null,0,null,0,0]
["Молния 5 мм",null,null,"Основание","в производстве","м.п.","","",0,1000,0,null,12,null,0,null,0,null,0,null,0,null,0,0]
["Собачка 5 мм",null,null,"Основание","в производстве","шт.","","",0,1000,0,null,6,null,0,null,0,null,0,null,0,null,0,0]
["Нитки",null,null,"Основание","в производстве","м.п.","","",0,1000,200,null,1,null,212.17109708439889,null,200,null,200,null,200,null,0,0]
["Люверс стальной №31 31*16мм",null,null,"Основание","в производстве","шт.","","",0,1000,0,null,3,null,0,null,0,null,0,null,0,null,0,0]
["Канат полиамидный тросовой свивки (ПАТ) 5 мм",null,null,"Основание","перекупное","м.п.","","",0,1000,100,null,7,null,742.59883979539609,null,100,null,700,null,100,null,1.5873000000000002,0]
["Лента контакт 100 мм",null,null,"Основание","в производстве","м.п.","","",0,1000,4,null,77.7,null,329.71388486915589,null,4,null,310.8,null,4,null,0,0]
["Покраска (эмаль НЦ-115)",null,null,"Основание","в производстве","м2",1000,1000,1,"",8,null,300,null,2546.0531650127868,null,8,null,2400,null,8,null,0,0]
["Порошковая покраска",null,null,"Основание","в производстве","шт.","","",0,1000,null,null,1000,null,0,null,0,null,0,null,0,null,0,0]
["Фанера 1500*1500*12 мм",null,null,"Баскет щит с кольцом","в производстве","шт.","","",0,1000,0,null,932,null,0,null,0,null,0,null,0,null,0,0]
["Фанера ФСФ 2440*1220*12 мм",null,null,"Баскет щит с кольцом","в производстве","шт.","","",0,1000,0,null,1450,null,0,null,0,null,0,null,0,null,0,0]
["Профильная труба 40*20*2,0",null,null,"Баскет щит с кольцом","в производстве","м.п.","","",0,1000,0,null,90,null,0,null,0,null,0,null,0,null,0,0]
["Профильная труба 60*60*3,0",null,null,"Баскет щит с кольцом","в производстве","м.п.","","",0,1000,0,null,248.7,null,0,null,0,null,0,null,0,null,0,0]
["Кольцо баскетбольное с амортизатором и сеткой",null,null,"Баскет щит с кольцом","перекупное","шт.","","",0,1000,0,null,3364,null,0,null,0,null,0,null,0,null,0,0]
["Краска ВД (1л) с коллеровкой",null,null,"Баскет щит с кольцом","в производстве","шт.","","",0,1000,0,null,440,null,0,null,0,null,0,null,0,null,0,0]
["Лак акриловый (1л)",null,null,"Баскет щит с кольцом","в производстве","шт.","","",0,1000,0,null,400,null,0,null,0,null,0,null,0,null,0,0]
["Заклепка 4,8*18 мм",null,null,"Баскет щит с кольцом","перекупное","шт.","","",0,1000,0,null,1.17,null,0,null,0,null,0,null,0,null,0,0]
[]
["Батутное полотно СП (ПВХ) 3*3 м",null,null,"Батутное полотно","в производстве","шт.","","",0,1000,2,null,6210,null,13175.825128941171,null,2,null,12420,null,2,null,0,0]
["Профильная труба 60*60*3,0",null,null,"Батутное полотно","в производстве","м.п.","","",0,1000,1000,null,248.7,null,263834.75922444998,null,1000,null,248700,null,1000,null,5380,3.6]
["",null,null,"Батутное полотно","","","","",0,1000,0,null,"0",null,0,null,0,null,0,null,0,null,"",""]
["",null,null,"Батутное полотно","","","","",0,1000,0,null,"0",null,0,null,0,null,0,null,0,null,"",""]
["",null,null,"Батутное полотно","","","","",0,1000,0,null,"0",null,0,null,0,null,0,null,0,null,"",""]
["",null,null,"Батутное полотно","","","","",0,1000,0,null,"0",null,0,null,0,null,0,null,0,null,"",""]
["",null,null,"Батутное полотно","","","","",0,1000,0,null,"0",null,0,null,0,null,0,null,0,null,"",""]
["",null,null,"Батутное полотно","","","","",0,1000,0,null,"0",null,0,null,0,null,0,null,0,null,"",""]
["",null,null,"Батутное полотно","","","","",0,1000,0,null,"0",null,0,null,0,null,0,null,0,null,"",""]
["",null,null,"Батутное полотно","","","","",0,1000,0,null,"0",null,0,null,0,null,0,null,0,null,"",""]
["",null,null,"Батутное полотно","","","","",0,1000,0,null,"0",null,0,null,0,null,0,null,0,null,"",""]
["",null,null,"Батутное полотно","","","","",0,1000,0,null,"0",null,0,null,0,null,0,null,0,null,"",""]
["",null,null,"Батутное полотно","","","","",0,1000,0,null,"0",null,0,null,0,null,0,null,0,null,"",""]
["",null,null,"Батутное полотно","","","","",0,1000,0,null,"0",null,0,null,0,null,0,null,0,null,"",""]
["",null,null,"Батутное полотно","","","","",0,1000,0,null,"0",null,0,null,0,null,0,null,0,null,"",""]
["",null,null,"Батутное полотно","","","","",0,1000,0,null,"0",null,0,null,0,null,0,null,0,null,"",""]
["",null,null,"Батутное полотно","","","","",0,1000,0,null,"0",null,0,null,0,null,0,null,0,null,"",""]
["",null,null,"Батутное полотно","","","","",0,1000,0,null,"0",null,0,null,0,null,0,null,0,null,"",""]
["",null,null,"Батутное полотно","","","","",0,1000,0,null,"0",null,0,null,0,null,0,null,0,null,"",""]
["",null,null,"Батутное полотно","","","","",0,1000,0,null,"0",null,0,null,0,null,0,null,0,null,"",""]
["",null,null,"Батутное полотно","","","","",0,1000,0,null,"0",null,0,null,0,null,0,null,0,null,"",""]
["",null,null,"Батутное полотно","","","","",0,1000,0,null,"0",null,0,null,0,null,0,null,0,null,"",""]
["Труба 32*3,2",null,null,"Ограждение","в производстве","м.п.","","",0,1000,84,null,70,null,6237.8302542813281,null,84,null,5880,null,84,null,231.83999999999997,0]
["Труба 25*3,2",null,null,"Ограждение","в производстве","м.п.","","",0,1000,6,null,97.5,null,620.60045897186683,null,6,null,585,null,6,null,14.940000000000001,0]
["Пятка стойки 140*40 мм, 2 отв 10,5 мм",null,null,"Ограждение","в производстве","шт.","","",0,1000,12,null,44.6,null,567.76985579785151,null,12,null,535.20000000000005,null,12,null,2.0640000000000001,0]
["Анкер болт М12х120мм",null,null,"Ограждение","в производстве","шт.","","",0,1000,18,null,26,null,496.48036717749341,null,18,null,468,null,18,null,1.728,0]
["Болт М10х20 мм",null,null,"Ограждение","в производстве","шт.","","",0,1000,57,null,4.42,null,267.27193099721728,null,57,null,251.94,null,57,null,1.2083999999999999,0]
["Гайка М10",null,null,"Ограждение","в производстве","шт.","","",0,1000,65,null,1.59,null,109.63941441836313,null,65,null,103.35000000000001,null,65,null,0,0]
["Рукав мягкий (2,5 м)",null,null,"Ограждение","перекупное","шт.","","",0,1000,35,null,247.5,null,9189.6606424680267,null,35,null,8662.5,null,35,null,0,0]
["Шнур 2,5мм (100м)",null,null,"Ограждение","в производстве","м.п.","","",0,1000,500,null,1.25,null,663.03467838874656,null,500,null,625,null,500,null,0,0]
["Хомут пластиковый",null,null,"Ограждение","в производстве","шт.","","",0,1000,620,null,5,null,3288.6520048081829,null,620,null,3100,null,620,null,0,0]
["Ухо 40*40*4 мм (отв. 10,5 мм)",null,null,"Ограждение","перекупное","шт.","","",0,1000,18,null,21.43,null,409.21439494668016,null,18,null,385.74,null,18,null,0.89499600000000001,0]
["Шайба пружинная 10",null,null,"Ограждение","в производстве","шт.","","",0,1000,17,null,0.56000000000000005,null,10.09934422121739,null,17,null,9.5200000000000014,null,17,null,4.301E-2,0]
["Сетка заградительная 40х40 мм h=3м",null,null,"Ограждение","перекупное","м.п.","","",0,1000,17,null,330,null,5951.3992732173892,null,17,null,5610,null,17,null,0,0]
["Покраска (эмаль НЦ-115)",null,null,"Ограждение","в производстве","м2",1000,1000,1,"",6,null,300,null,1909.5398737595901,null,6,null,1800,null,6,null,0,0]
["Фанера 1525*1525*15 мм сорт 4/4",null,null,"Лестница","в производстве","шт.","","",0,1000,6,null,870,null,5537.6656339028114,null,6,null,5220,null,6,null,136.19999999999999,0]
["Саморез 4*25 мм желтый/цинк",null,null,"Лестница","в производстве","шт.","","",0,1000,600,null,0.26,null,165.49345572583115,null,600,null,156,null,600,null,0.92999999999999994,0]
["Труба 32*3,2",null,null,"Лестница","в производстве","м.п.","","",0,1000,0,null,121.5,null,0,null,0,null,0,null,0,null,0,0]
["ПВХ ткань 2-слойная 600",null,null,"Лестница","в производстве","м2",1000,1000,1,"",15,null,164,null,2609.7044941381064,null,15,null,2460,null,15,null,0,0]
["Поролон 40 мм",null,null,"Лестница","в производстве","м2",1000,1000,1,"",4,null,244.9,null,1039.2140335193858,null,4,null,979.6,null,4,null,3.52,0]
["Крепежный уголок 50*50*40 2 мм",null,null,"Лестница","в производстве","шт.","","",0,1000,0,null,6.9,null,0,null,0,null,0,null,0,null,0,0]
["Болт М10*60мм",null,null,"Лестница","в производстве","шт.","","",0,1000,8,null,5.98,null,50.751326422588221,null,8,null,47.84,null,8,null,0.32991999999999999,0]
["Шайба кузовная 10",null,null,"Лестница","в производстве","шт.","","",0,1000,16,null,1.8,null,30.552637980153442,null,16,null,28.8,null,16,null,0.19520000000000001,0]
["ПВХ ткань 2-слойная 650",null,null,"Настенные маты","в производстве","м2",1000,1000,1,"",0,null,178,null,0,null,0,null,0,null,0,null,0,0]
["Шнур полиамидный d 4 мм (100 м)",null,null,"Настенные маты","в производстве","шт.","","",0,1000,0,null,5.2,null,0,null,0,null,0,null,0,null,0,0]
["Люверс стальной №31 31*16мм",null,null,"Настенные маты","в производстве","шт.","","",0,1000,0,null,3,null,0,null,0,null,0,null,0,null,0,0]
["Нитки",null,null,"Настенные маты","в производстве","м.п.","","",0,1000,0,null,1,null,0,null,0,null,0,null,0,null,0,0]
["Поролон 20 мм",null,null,"Настенные маты","в производстве","м2",1000,1000,1,"",0,null,122.5,null,0,null,0,null,0,null,0,null,0,0]
["Клей для поролона",null,null,"Настенные маты","в производстве","кг","","",0,1000,0,null,220,null,0,null,0,null,0,null,0,null,0,0]
["Стропа 50 мм",null,null,"Настенные маты","в производстве","м.п.","","",0,1000,0,null,11,null,0,null,0,null,0,null,0,null,0,0]
["ПВХ ткань баннер",null,null,"Настенные маты","в производстве","м2",1000,1000,1,"",0,null,750,null,0,null,0,null,0,null,0,null,0,0]
["Молния 5 мм",null,null,"Настенные маты","в производстве","м.п.","","",0,1000,0,null,12,null,0,null,0,null,0,null,0,null,0,0]
["Собачка 5 мм",null,null,"Настенные маты","в производстве","шт.","","",0,1000,0,null,6,null,0,null,0,null,0,null,0,null,0,0]
["Порилекс НПЭ Л 30*1000*2 натура 2",null,null,"Настенные маты","в производстве","м2",1000,1000,1,"",0,null,228,null,0,null,0,null,0,null,0,null,0,0]
["ПВХ ткань 2-слойная 600",null,null,"Маты на колонны","в производстве","м2",1000,1000,1,"",0,null,164,null,0,null,0,null,0,null,0,null,0,0]
["Шнур полиамидный d 4 мм (100 м)",null,null,"Маты на колонны","в производстве","шт.","","",0,1000,0,null,5.2,null,0,null,0,null,0,null,0,null,0,0]
["Люверс стальной №31 31*16мм",null,null,"Маты на колонны","в производстве","шт.","","",0,1000,0,null,3,null,0,null,0,null,0,null,0,null,0,0]
["Нитки",null,null,"Маты на колонны","в производстве","м.п.","","",0,1000,0,null,1,null,0,null,0,null,0,null,0,null,0,0]
["Поролон 20 мм",null,null,"Маты на колонны","в производстве","м2",1000,1000,1,"",0,null,122.5,null,0,null,0,null,0,null,0,null,0,0]
["Клей для поролона",null,null,"Маты на колонны","в производстве","кг","","",0,1000,0,null,220,null,0,null,0,null,0,null,0,null,0,0]
["Порилекс НПЭ Л 30*1000*2 натура 2",null,null,"Маты на колонны","в производстве","м2",1000,1000,1,"",0,null,228,null,0,null,0,null,0,null,0,null,0,0]
["ПВХ ткань баннер",null,null,"Маты на колонны","в производстве","м2",1000,1000,1,"",0,null,750,null,0,null,0,null,0,null,0,null,0,0]
["Лента контакт 50 мм",null,null,"Маты на колонны","в производстве","м.п.","","",0,1000,0,null,21,null,0,null,0,null,0,null,0,null,0,0]
["Труба 32*3,2",null,null,"Поролоновая яма","в производстве","м.п.","","",0,1000,0,null,121.5,null,0,null,0,null,0,null,0,null,0,0]
["Труба 25*3,2",null,null,"Поролоновая яма","в производстве","м.п.","","",0,1000,0,null,97.5,null,0,null,0,null,0,null,0,null,0,0]
["Профильная труба 20*20*2,0",null,null,"Поролоновая яма","в производстве","м.п.","","",0,1000,0,null,57.05,null,0,null,0,null,0,null,0,null,0,0]
["Полоса 40*4",null,null,"Поролоновая яма","в производстве","м.п.","","",0,1000,0,null,63,null,0,null,0,null,0,null,0,null,0,0]
["Анкер болт М10х100мм",null,null,"Поролоновая яма","в производстве","шт.","","",0,1000,0,null,16.899999999999999,null,0,null,0,null,0,null,0,null,0,0]
["Болт М10х20 мм",null,null,"Поролоновая яма","в производстве","шт.","","",0,1000,0,null,4.42,null,0,null,0,null,0,null,0,null,0,0]
["Гайка М10",null,null,"Поролоновая яма","в производстве","шт.","","",0,1000,0,null,1.59,null,0,null,0,null,0,null,0,null,0,0]
["Поролон 40 мм",null,null,"Поролоновая яма","в производстве","м2",1000,1000,1,"",0,null,244.9,null,0,null,0,null,0,null,0,null,0,0]
["ПВХ ткань 2-слойная 600",null,null,"Поролоновая яма","в производстве","м2",1000,1000,1,"",0,null,164,null,0,null,0,null,0,null,0,null,0,0]
["Воздушная подушка",null,null,"Поролоновая яма","перекупное","м2",1000,1000,1,"",null,null,8600,null,0,null,0,null,0,null,0,null,0,0]
[null,null,null,"Поролоновая яма","","","","",0,1000,null,null,"0",null,0,null,0,null,0,null,0,null,"",""]
["Поролоновые монетки D=300 мм, H=100мм",null,null,"Поролоновая яма","перекупное","шт.","","",0,1000,null,null,470,null,0,null,0,null,0,null,0,null,0,0]
["Мяч баскетбольный",null,null,"Поролоновая яма","перекупное","шт.","","",0,1000,null,null,1700,null,0,null,0,null,0,null,0,null,0,0]
["Мяч волейбольный",null,null,"Поролоновая яма","перекупное","шт.","","",0,1000,null,null,1800,null,0,null,0,null,0,null,0,null,0,0]
["Сетка волейбольная",null,null,"Поролоновая яма","перекупное","шт.","","",0,1000,null,null,8000,null,0,null,0,null,0,null,0,null,0,0]
["Шарик пластиковый 70 мм",null,null,"Поролоновая яма","перекупное","шт.","","",0,1000,null,null,5.0149999999999997,null,0,null,0,null,0,null,0,null,0,0]
["Запятые для крепления сетки",null,null,"Поролоновая яма","в производстве","шт.","","",0,1000,null,null,21,null,0,null,0,null,0,null,0,null,0,0]
["Фанера 1525*1525*6мм",null,null,"Поролоновая яма","в производстве","шт.","","",0,1000,0,null,600,null,0,null,0,null,0,null,0,null,0,0]
["Фанера 1500*1500*12 мм",null,null,"Поролоновая яма","в производстве","шт.","","",0,1000,0,null,932,null,0,null,0,null,0,null,0,null,0,0]
["Саморез 3,2*16 мм",null,null,"Поролоновая яма","в производстве","шт.","","",0,1000,0,null,0.2,null,0,null,0,null,0,null,0,null,0,0]
["Клей для поролона",null,null,"Поролоновая яма","в производстве","кг","","",0,1000,0,null,220,null,0,null,0,null,0,null,0,null,0,0]
["Саморез с пресс шайбой 4,2*19 мм острый",null,null,"Поролоновая яма","в производстве","шт.","","",0,1000,0,null,0.33,null,0,null,0,null,0,null,0,null,0,0]
["Скоба обивочная 8/12(8/14)",null,null,"Поролоновая яма","в производстве","шт.","","",0,1000,0,null,0.03,null,0,null,0,null,0,null,0,null,0,0]
["Скоба обивочная 80/06 (150/15)",null,null,"Поролоновая яма","в производстве","шт.","","",0,1000,0,null,0.02,null,0,null,0,null,0,null,0,null,0,0]
["Ухо 40*40*4 мм (отв. 10,5 мм)",null,null,"Поролоновая яма","перекупное","шт.","","",0,1000,0,null,21.43,null,0,null,0,null,0,null,0,null,0,0]
["Ухо 60*40*4 мм (2 отв. 6 мм)",null,null,"Поролоновая яма","перекупное","шт.","","",0,1000,0,null,27,null,0,null,0,null,0,null,0,null,0,0]
["Фанера 1525*1525*18 мм",null,null,"Поролоновая яма","в производстве","шт.","","",0,1000,0,null,1220,null,0,null,0,null,0,null,0,null,0,0]
["Шайба пружинная 10",null,null,"Поролоновая яма","в производстве","шт.","","",0,1000,0,null,0.56000000000000005,null,0,null,0,null,0,null,0,null,0,0]
["Пятка стойки 140*40 мм, 2 отв 10,5 мм",null,null,"Поролоновая яма","в производстве","шт.","","",0,1000,0,null,44.6,null,0,null,0,null,0,null,0,null,0,0]
["Профильная труба 40*20*2,0",null,null,"Подиум","в производстве","м.п.","","",0,1000,0,null,90,null,0,null,0,null,0,null,0,null,0,0]
["Профильная труба 20*20*2,0",null,null,"Подиум","в производстве","м.п.","","",0,1000,0,null,57.05,null,0,null,0,null,0,null,0,null,0,0]
["Фанера 1500*1500*12 мм",null,null,"Подиум","в производстве","шт.","","",0,1000,0,null,932,null,0,null,0,null,0,null,0,null,0,0]
["Поролон 40 мм",null,null,"Подиум","в производстве","м2",1000,1000,1,"",0,null,244.9,null,0,null,0,null,0,null,0,null,0,0]
["ПВХ ткань 2-слойная 630",null,null,"Подиум","в производстве","м2",1000,1000,1,"",0,null,170,null,0,null,0,null,0,null,0,null,0,0]
["Полоса 40*4",null,null,"Подиум","в производстве","м.п.","","",0,1000,0,null,63,null,0,null,0,null,0,null,0,null,0,0]
["Саморез 3,2*16 мм",null,null,"Подиум","в производстве","шт.","","",0,1000,0,null,0.2,null,0,null,0,null,0,null,0,null,0,0]
["Усовая гайка М10",null,null,"Подиум","в производстве","шт.","","",0,1000,0,null,5.46,null,0,null,0,null,0,null,0,null,0,0]
["Лак акриловый (1л)",null,null,"Подиум","в производстве","шт.","","",0,1000,0,null,400,null,0,null,0,null,0,null,0,null,0,0]
["Краска ВД (1л) с коллеровкой",null,null,"Подиум","в производстве","шт.","","",0,1000,0,null,440,null,0,null,0,null,0,null,0,null,0,0]
["Зацепы",null,null,"Подиум","перекупное","шт.","","",0,1000,0,null,238.7,null,0,null,0,null,0,null,0,null,0,0]
["Сеть прямая ячейка 150*150 мм",null,null,"Подиум","перекупное","м2",1000,1000,1,"",0,null,2500,null,0,null,0,null,0,null,0,null,0,0]
["Ухо 40*40*4 мм (отв. 12,5 мм)",null,null,"Подиум","перекупное","шт.","","",0,1000,0,null,21.88,null,0,null,0,null,0,null,0,null,0,0]
["Болт М12*40 мм",null,null,"Подиум","в производстве","шт.","","",0,1000,0,null,9.1,null,0,null,0,null,0,null,0,null,0,0]
["Гайка М12",null,null,"Подиум","в производстве","шт.","","",0,1000,0,null,2.12,null,0,null,0,null,0,null,0,null,0,0]
["Шайба 12",null,null,"Подиум","в производстве","шт.","","",0,1000,0,null,0.94,null,0,null,0,null,0,null,0,null,0,0]
["Шайба пружинная 12",null,null,"Подиум","в производстве","шт.","","",0,1000,0,null,0.78,null,0,null,0,null,0,null,0,null,0,0]
["Труба 32*3,2",null,null,"Подиум","в производстве","м.п.","","",0,1000,0,null,121.5,null,0,null,0,null,0,null,0,null,0,0]
["Рукав мягкий (2,5 м)",null,null,"Подиум","перекупное","шт.","","",0,1000,0,null,247.5,null,0,null,0,null,0,null,0,null,0,0]
["Шнур 2,5мм (100м)",null,null,"Подиум","в производстве","м.п.","","",0,1000,0,null,1.25,null,0,null,0,null,0,null,0,null,0,0]
["Фанера 1525*1525*15 мм сорт 4/4",null,null,"Подиум","в производстве","шт.","","",0,1000,0,null,870,null,0,null,0,null,0,null,0,null,0,0]
["Профильная труба 60*60*3,0",null,null,"Препятствия","в производстве","м.п.","","",0,1000,0,null,248.7,null,0,null,0,null,0,null,0,null,0,0]
["Фанера ФСФ 2440*1220*15 мм",null,null,"Препятствия","в производстве","шт.","","",0,1000,0,null,1800,null,0,null,0,null,0,null,0,null,0,0]
["ПВХ ткань 2-слойная 600",null,null,"Препятствия","в производстве","м2",1000,1000,1,"",0,null,164,null,0,null,0,null,0,null,0,null,0,0]
["Поролон 50 мм",null,null,"Препятствия","в производстве","м2",1000,1000,1,"",0,null,300,null,0,null,0,null,0,null,0,null,0,0]
["Болт М12*120мм",null,null,"Препятствия","в производстве","шт.","","",0,1000,0,null,23.4,null,0,null,0,null,0,null,0,null,0,0]
["Заглушка пластиковая на болт М10",null,null,"Препятствия","в производстве","шт.","","",0,1000,0,null,7.5,null,0,null,0,null,0,null,0,null,0,0]
["Гайка М12",null,null,"Препятствия","в производстве","шт.","","",0,1000,0,null,2.12,null,0,null,0,null,0,null,0,null,0,0]
["Профильная труба 20*20*2,0",null,null,"Препятствия","в производстве","м.п.","","",0,1000,0,null,57.05,null,0,null,0,null,0,null,0,null,0,0]
["Саморез с пресс шайбой 4,2*25 мм острый",null,null,"Препятствия","в производстве","шт.","","",0,1000,0,null,0.42,null,0,null,0,null,0,null,0,null,0,0]
["Клей для поролона",null,null,"Препятствия","в производстве","кг","","",0,1000,0,null,220,null,0,null,0,null,0,null,0,null,0,0]
["Труба 32*3,2",null,null,"Навес","в производстве","м.п.","","",0,1000,0,null,121.5,null,0,null,0,null,0,null,0,null,0,0]
["Труба 25*3,2",null,null,"Навес","в производстве","м.п.","","",0,1000,0,null,97.5,null,0,null,0,null,0,null,0,null,0,0]
["Полоса 40*4",null,null,"Навес","в производстве","м.п.","","",0,1000,0,null,63,null,0,null,0,null,0,null,0,null,0,0]
["Карабин №6",null,null,"Навес","в производстве","шт.","","",0,1000,0,null,29,null,0,null,0,null,0,null,0,null,0,0]
["Люверс стальной №31 31*16мм",null,null,"Навес","в производстве","шт.","","",0,1000,0,null,3,null,0,null,0,null,0,null,0,null,0,0]
["Болт М10х20 мм",null,null,"Навес","в производстве","шт.","","",0,1000,0,null,4.42,null,0,null,0,null,0,null,0,null,0,0]
["Гайка М10",null,null,"Навес","в производстве","шт.","","",0,1000,0,null,1.59,null,0,null,0,null,0,null,0,null,0,0]
["Трос стальной в ПВХ 5/6 мм",null,null,"Навес","в производстве","м.п.","","",0,1000,0,null,22,null,0,null,0,null,0,null,0,null,0,0]
["ПВХ ткань 2-слойная 600",null,null,"Крыша","в производстве","м2",1000,1000,1,"",0,null,164,null,0,null,0,null,0,null,0,null,0,0]
["ПВХ ткань 2-слойная 600",null,null,"Шторки","в производстве","м2",1000,1000,1,"",0,null,164,null,0,null,0,null,0,null,0,null,0,0]
["Брус 45*45 мм",null,null,"Декорации","в производстве","м.п.","","",0,1000,0,null,43,null,0,null,0,null,0,null,0,null,0,0]
["Фанера 1500*1500*12 мм",null,null,"Декорации","в производстве","шт.","","",0,1000,0,null,932,null,0,null,0,null,0,null,0,null,0,0]
["Фанера 1525*1525*18 мм",null,null,"Декорации","в производстве","шт.","","",0,1000,0,null,1220,null,0,null,0,null,0,null,0,null,0,0]
["Саморез 5*50 желтый/цинк",null,null,"Декорации","в производстве","шт.","","",0,1000,0,null,0.69,null,0,null,0,null,0,null,0,null,0,0]
["Поролон 40 мм",null,null,"Декорации","в производстве","м2",1000,1000,1,"",0,null,244.9,null,0,null,0,null,0,null,0,null,0,0]
["ПВХ ткань баннер",null,null,"Декорации","в производстве","м2",1000,1000,1,"",0,null,750,null,0,null,0,null,0,null,0,null,0,0]
["Клей для поролона",null,null,"Декорации","в производстве","кг","","",0,1000,0,null,220,null,0,null,0,null,0,null,0,null,0,0]
["Нитки",null,null,"Декорации","в производстве","м.п.","","",0,1000,0,null,1,null,0,null,0,null,0,null,0,null,0,0]
["Скоба обивочная 8/12(8/14)",null,null,"Декорации","в производстве","шт.","","",0,1000,0,null,0.03,null,0,null,0,null,0,null,0,null,0,0]
[]
["Профильная труба 40*20*2,0",null,null,"Каркас+щиты","в производстве","м.п.","","",0,1000,24,null,90,null,2291.4478485115083,null,24,null,2160,null,24,null,42]
["Профильная труба 20*20*2,0",null,null,"Каркас+щиты","в производстве","м.п.","","",0,1000,6,null,57.05,null,363.13083265994874,null,6,null,342.29999999999995,null,6,null,6.7200000000000006]
["Труба 25*3,2",null,null,"Каркас+щиты","в производстве","м.п.","","",0,1000,0,null,97.5,null,0,null,0,null,0,null,0,null,0]
["Труба 32*3,2",null,null,"Каркас+щиты","в производстве","м.п.","","",0,1000,0,null,121.5,null,0,null,0,null,0,null,0,null,0]
["Полоса 40*4",null,null,"Каркас+щиты","в производстве","м.п.","","",0,1000,6,null,63,null,401.00337348951393,null,6,null,378,null,6,null,7.5600000000000005]
["Ухо 40*40*4 мм (отв. 10,5 мм)",null,null,"Каркас+щиты","перекупное","шт.","","",0,1000,36,null,21.43,null,818.42878989336032,null,36,null,771.48,null,36,null,1.789992]
["Ухо 40*40*4 мм (отв. 12,5 мм)",null,null,"Каркас+щиты","перекупное","шт.","","",0,1000,16,null,21.88,null,371.38428833653182,null,16,null,350.08,null,16,null,0.79398400000000002]
["Болт вн.шестигр. М8х40 мм",null,null,"Каркас+щиты","в производстве","шт.","","",0,1000,40,null,7.67,null,325.47046292746791,null,40,null,306.8,null,40,null,7.9039999999999999]
["Фанера 1525*1525*15 мм сорт 2/4",null,null,"Каркас+щиты","в производстве","шт.","","",0,1000,4,null,1220,null,5176.9747688593334,null,4,null,4880,null,4,null,90.8]
["Фанера 1525*1525*18 мм",null,null,"Каркас+щиты","в производстве","шт.","","",0,1000,0,null,1220,null,0,null,0,null,0,null,0,null,0]
["Фанера 1525*1525*6мм",null,null,"Каркас+щиты","в производстве","шт.","","",0,1000,null,null,600,null,0,null,0,null,0,null,0,null,0]
["Гайка М8",null,null,"Каркас+щиты","в производстве","шт.","","",0,1000,40,null,0.78,null,33.098691145166228,null,40,null,31.200000000000003,null,40,null,0.2]
["Анкер болт М10х100мм",null,null,"Каркас+щиты","в производстве","шт.","","",0,1000,16,null,16.899999999999999,null,286.85532325810726,null,16,null,270.39999999999998,null,16,null,0.84]
["Усовая гайка М10",null,null,"Каркас+щиты","в производстве","шт.","","",0,1000,144,null,5.46,null,834.08701685818892,null,144,null,786.24,null,144,null,1.1015999999999999]
["Болт М10*70мм",null,null,"Каркас+щиты","в производстве","шт.","","",0,1000,16,null,9.36,null,158.87371749679789,null,16,null,149.76,null,16,null,0.72687999999999997]
["Шайба 10",null,null,"Каркас+щиты","в производстве","шт.","","",0,1000,32,null,1.17,null,39.718429374199474,null,32,null,37.44,null,32,null,0.20799999999999999]
["Гайка М10",null,null,"Каркас+щиты","в производстве","шт.","","",0,1000,16,null,1.59,null,26.988163549135542,null,16,null,25.44,null,16,null,0]
["Зацепы",null,null,"Каркас+щиты","перекупное","шт.","","",0,1000,64,null,238.7,null,16206.477079694725,null,64,null,15276.8,null,64,null,0]
["Лак акриловый (1кг)",null,null,"Каркас+щиты","в производстве","шт.","","",0,1000,10,null,140,null,1485.1976795907922,null,10,null,1400,null,10,null,0]
["Краска ВД (1л) с коллеровкой",null,null,"Каркас+щиты","в производстве","шт.","","",0,1000,10,null,440,null,4667.7641358567753,null,10,null,4400,null,10,null,0]
["Покраска (эмаль НЦ-115)",null,null,"Каркас+щиты","в производстве","м2",1000,1000,1,"",2,null,300,null,636.51329125319671,null,2,null,600,null,2,null,0]
["Составной колпачок под болт/гайку КЧ36КК",null,null,"Каркас+щиты","в производстве","шт.","","",0,1000,40,null,8.5,null,360.69086504347808,null,40,null,340,null,40,null,0.34]
["ПВХ ткань баннер",null,null,"Каркас+щиты","в производстве","м2",1000,1000,1,"",0,null,750,null,0,null,0,null,0,null,0,null,0]
["Работа художника",null,null,"Каркас+щиты","в производстве","м2",1000,1000,1,"",0,null,1500,null,0,null,0,null,0,null,0,null,0]
["Щетка для чистки зацепов",null,null,"Каркас+щиты","перекупное","шт.","","",0,1000,0,null,102,null,0,null,0,null,0,null,0,null,0]
["Порошковая покраска",null,null,"Каркас+щиты","в производстве","шт.","","",0,1000,null,null,1000,null,0,null,0,null,0,null,0,null,0]
["Канат х/б d30 мм",null,null,"Каркас+щиты","в производстве","м.п.","","",0,1000,null,null,232,null,0,null,0,null,0,null,0,null,0]
["каска",null,null,"Страховка","перекупное","шт.","","",0,1000,0,null,2800,null,0,null,0,null,0,null,0,null,0]
["Карабин на страховку",null,null,"Страховка","перекупное","шт.","","",0,1000,0,null,400,null,0,null,0,null,0,null,0,null,0]
["Карабин с байонетной муфтой",null,null,"Страховка","перекупное","шт.","","",0,1000,0,null,900,null,0,null,0,null,0,null,0,null,0]
["Беседка страховочная",null,null,"Страховка","перекупное","шт.","","",0,1000,0,null,2000,null,0,null,0,null,0,null,0,null,0]
["Страховочное устройство \"Восьмерка\"",null,null,"Страховка","перекупное","шт.","","",0,1000,0,null,870,null,0,null,0,null,0,null,0,null,0]
["Веревка с/с 11 мм Коломна",null,null,"Страховка","перекупное","м.п.","","",0,1000,0,null,35.04,null,0,null,0,null,0,null,0,null,0]
["Анкер болт М12х120мм",null,null,"Страховка","в производстве","шт.","","",0,1000,0,null,26,null,0,null,0,null,0,null,0,null,0]
["Шлямбурное ухо 10 мм",null,null,"Страховка","перекупное","шт.","","",0,1000,0,null,110,null,0,null,0,null,0,null,0,null,0]
["Страховочное устройство TRUBLUE",null,null,"Страховка","перекупное","шт.","","",0,1000,0,null,165000,null,0,null,0,null,0,null,0,null,0]
[]
["Лист 10 мм",null,null,"Страховка","в производстве","м2",1000,1000,1,"",0,null,3875,null,0,null,0,null,0,null,0,null,0]
["Швеллер 10",null,null,"Страховка","в производстве","м.п.","","",0,1000,0,null,250,null,0,null,0,null,0,null,0,null,0]
["Шпилька М12",null,null,"Страховка","в производстве","м.п.","","",0,1000,0,null,91,null,0,null,0,null,0,null,0,null,0]
["Рым гайка М12",null,null,"Страховка","в производстве","шт.","","",0,1000,0,null,41.6,null,0,null,0,null,0,null,0,null,0]
[null,null,null,"Страховка","","","","",0,1000,null,null,"0",null,0,null,0,null,0,null,0,null,""]
[null,null,null,"Страховка","","","","",0,1000,null,null,"0",null,0,null,0,null,0,null,0,null,""]
[null,null,null,"Страховка","","","","",0,1000,null,null,"0",null,0,null,0,null,0,null,0,null,""]
[]
[]
[]
["ПВХ ткань 2-слойная 650",null,null,"Маты","в производстве","м2",1000,1000,1,"",0,null,178,null,0,null,0,null,0,null,0,null,0]
["Молния 5 мм",null,null,"Маты","в производстве","м.п.","","",0,1000,0,null,12,null,0,null,0,null,0,null,0,null,0]
["Собачка 5 мм",null,null,"Маты","в производстве","шт.","","",0,1000,0,null,6,null,0,null,0,null,0,null,0,null,0]
["Нитки",null,null,"Маты","в производстве","м.п.","","",0,1000,0,null,1,null,0,null,0,null,0,null,0,null,0]
["",null,null,"Маты","","","","",0,1000,0,null,"0",null,0,null,0,null,0,null,0,null,""]
["",null,null,"Маты","","","","",0,1000,0,null,"0",null,0,null,0,null,0,null,0,null,""]
["Клей для поролона",null,null,"Маты","в производстве","кг","","",0,1000,0,null,220,null,0,null,0,null,0,null,0,null,0]
["Шнур полиамидный d 4 мм (100 м)",null,null,"Маты","в производстве","шт.","","",0,1000,0,null,5.2,null,0,null,0,null,0,null,0,null,0]
["Люверс стальной №31 31*16мм",null,null,"Маты","в производстве","шт.","","",0,1000,0,null,3,null,0,null,0,null,0,null,0,null,0]
["ПВХ ткань баннер",null,null,"Маты","в производстве","м2",1000,1000,1,"",0,null,750,null,0,null,0,null,0,null,0,null,0]
["Труба 25*3,2",null,null,"Растяжка","в производстве","м.п.","","",0,1000,0,null,97.5,null,0,null,0,null,0,null,0,null,0]
["Рым гайка М12",null,null,"Растяжка","в производстве","шт.","","",0,1000,0,null,41.6,null,0,null,0,null,0,null,0,null,0]
["Трос оцинкованый d 10 мм",null,null,"Растяжка","перекупное","м.п.","","",0,1000,0,null,64,null,0,null,0,null,0,null,0,null,0]
["Зажим М10",null,null,"Растяжка","перекупное","шт.","","",0,1000,0,null,11.1,null,0,null,0,null,0,null,0,null,0]
["Коуш 9/10",null,null,"Растяжка","перекупное","шт.","","",0,1000,0,null,9.1,null,0,null,0,null,0,null,0,null,0]
["Талрэп М12",null,null,"Растяжка","перекупное","шт.","","",0,1000,0,null,78,null,0,null,0,null,0,null,0,null,0]
[null,null,null,"Растяжка","","","","",0,1000,null,null,"0",null,0,null,0,null,0,null,0,null,""]
[]
[]
[]
["Фанера 1525*1525*15 мм сорт 2/4",null,null,"Мягкий зацеп","в производстве","шт.","","",0,1000,0,null,1220,null,0,null,0,null,0,null,0,null,0]
["Фанера 1525*1525*18 мм",null,null,"Мягкий зацеп","в производстве","шт.","","",0,1000,0,null,1220,null,0,null,0,null,0,null,0,null,0]
["Болт мебельный М10х80мм",null,null,"Мягкий зацеп","в производстве","шт.","","",0,1000,0,null,8.07,null,0,null,0,null,0,null,0,null,0]
["Шайба 10",null,null,"Мягкий зацеп","в производстве","шт.","","",0,1000,0,null,1.17,null,0,null,0,null,0,null,0,null,0]
["Шайба пружинная 10",null,null,"Мягкий зацеп","в производстве","шт.","","",0,1000,0,null,0.56000000000000005,null,0,null,0,null,0,null,0,null,0]
["Гайка М10",null,null,"Мягкий зацеп","в производстве","шт.","","",0,1000,0,null,1.59,null,0,null,0,null,0,null,0,null,0]
["Саморез 5*25 цинк",null,null,"Мягкий зацеп","в производстве","шт.","","",0,1000,0,null,0.45,null,0,null,0,null,0,null,0,null,0]
["Саморез 5*40 цинк",null,null,"Мягкий зацеп","в производстве","шт.","","",0,1000,0,null,0.67,null,0,null,0,null,0,null,0,null,0]
["ПВХ ткань баннер",null,null,"Мягкий зацеп","в производстве","м2",1000,1000,1,"",0,null,750,null,0,null,0,null,0,null,0,null,0]
["Скоба обивочная 80/10",null,null,"Мягкий зацеп","в производстве","шт.","","",0,1000,0,null,2.5999999999999999E-2,null,0,null,0,null,0,null,0,null,0]
["Поролон 20 мм",null,null,"Мягкий зацеп","в производстве","м2",1000,1000,1,"",0,null,122.5,null,0,null,0,null,0,null,0,null,0]
["Клей для поролона",null,null,"Мягкий зацеп","в производстве","кг","","",0,1000,0,null,220,null,0,null,0,null,0,null,0,null,0]
["Краска ВД (1л) с коллеровкой",null,null,"Мягкий зацеп","в производстве","шт.","","",0,1000,0,null,440,null,0,null,0,null,0,null,0,null,0]
["Лак акриловый (1кг)",null,null,"Мягкий зацеп","в производстве","шт.","","",0,1000,0,null,140,null,0,null,0,null,0,null,0,null,0]
["повапидвы",null,null,"Пластиковый декор",{"$error":"#N/A"},{"$error":"#N/A"},{"$error":"#N/A"},{"$error":"#N/A"},0,1000,1,null,{"$error":"#N/A"},null,{"$error":"#N/A"},null,{"$error":"#N/A"},null,{"$error":"#N/A"},null,{"$error":"#N/A"},null,{"$error":"#N/A"},{"$error":"#N/A"}]
[null,null,null,"Пластиковый декор","","","","",0,1000,null,null,"0",null,0,null,0,null,0,null,0,null,"",""]
[null,null,null,"Пластиковый декор","","","","",0,1000,null,null,"0",null,0,null,0,null,0,null,0,null,"",""]
[null,null,null,"Пластиковый декор","","","","",0,1000,null,null,"0",null,0,null,0,null,0,null,0,null,"",""]
["атьваьрвпрьб",null,null,"Пластиковый декор",{"$error":"#N/A"},{"$error":"#N/A"},{"$error":"#N/A"},{"$error":"#N/A"},0,1000,5,null,{"$error":"#N/A"},null,{"$error":"#N/A"},null,{"$error":"#N/A"},null,{"$error":"#N/A"},null,{"$error":"#N/A"},null,{"$error":"#N/A"},{"$error":"#N/A"}]
[null,null,null,"Пластиковый декор","","","","",0,1000,null,null,"0",null,0,null,0,null,0,null,0,null,"",""]
[null,null,null,"Пластиковый декор","","","","",0,1000,null,null,"0",null,0,null,0,null,0,null,0,null,"",""]
[null,null,null,"Пластиковый декор","","","","",0,1000,null,null,"0",null,0,null,0,null,0,null,0,null,"",""]
[null,null,null,"Пластиковый декор","","","","",0,1000,null,null,"0",null,0,null,0,null,0,null,0,null,"",""]
[null,null,null,"Пластиковый декор","","","","",0,1000,null,null,"0",null,0,null,0,null,0,null,0,null,"",""]
[null,null,null,"Пластиковый декор","","","","",0,1000,null,null,"0",null,0,null,0,null,0,null,0,null,"",""]
[null,null,null,"Пластиковый декор","","","","",0,1000,null,null,"0",null,0,null,0,null,0,null,0,null,"",""]
[null,null,null,"Пластиковый декор","","","","",0,1000,null,null,"0",null,0,null,0,null,0,null,0,null,"",""]
[null,null,null,"Пластиковый декор","","","","",0,1000,null,null,"0",null,0,null,0,null,0,null,0,null,"",""]
[null,null,null,"Пластиковый декор","","","","",0,1000,null,null,"0",null,0,null,0,null,0,null,0,null,"",""]
[null,null,null,"Пластиковый декор","","","","",0,1000,null,null,"0",null,0,null,0,null,0,null,0,null,"",""]
[null,null,null,"Пластиковый декор","","","","",0,1000,null,null,"0",null,0,null,0,null,0,null,0,null,"",""]
[null,null,null,"Пластиковый декор","","","","",0,1000,null,null,"0",null,0,null,0,null,0,null,0,null,"",""]
[null,null,null,"Пластиковый декор","","","","",0,1000,null,null,"0",null,0,null,0,null,0,null,0,null,"",""]
[null,null,null,"Пластиковый декор","","","","",0,1000,null,null,"0",null,0,null,0,null,0,null,0,null,"",""]
[null,null,null,"Пластиковый декор","","","","",0,1000,null,null,"0",null,0,null,0,null,0,null,0,null,"",""]
[null,null,null,"Пластиковый декор","","","","",0,1000,null,null,"0",null,0,null,0,null,0,null,0,null,"",""]
[null,null,null,"Пластиковый декор","","","","",0,1000,null,null,"0",null,0,null,0,null,0,null,0,null,"",""]
[null,null,null,"Пластиковый декор","","","","",0,1000,null,null,"0",null,0,null,0,null,0,null,0,null,"",""]
[null,null,null,"Пластиковый декор","","","","",0,1000,null,null,"0",null,0,null,0,null,0,null,0,null,"",""]
[null,null,null,"Пластиковый декор","","","","",0,1000,null,null,"0",null,0,null,0,null,0,null,0,null,"",""]
[null,null,null,"Пластиковый декор","","","","",0,1000,null,null,"0",null,0,null,0,null,0,null,0,null,"",""]
[null,null,null,"Пластиковый декор","","","","",0,1000,null,null,"0",null,0,null,0,null,0,null,0,null,"",""]
[null,null,null,"Пластиковый декор","","","","",0,1000,null,null,"0",null,0,null,0,null,0,null,0,null,"",""]
[null,null,null,"Пластиковый декор","","","","",0,1000,null,null,"0",null,0,null,0,null,0,null,0,null,"",""]
[null,null,null,"Пластиковый декор","","","","",0,1000,null,null,"0",null,0,null,0,null,0,null,0,null,"",""]
["Выезд специалиста",null,null,null,"перекупное","шт.","","",0,1000,1,null,20000,null,21217.10970843989,null,1,null,20000,null,1,null,0,0]
["Выезд специалиста",null,null,null,"перекупное","шт.","","",0,1000,0,null,20000,null,0,null,0,null,0,null,0,null,0,0]
["Поролоновые кубики 200*200*200 (м3)",null,null,null,"перекупное","шт.","","",0,1000,0,null,6820,null,0,null,0,null,0,null,0,null,0,0]
[null,null,null,null,"","","","",0,1000,null,null,"0",null,0,null,0,null,0,null,0,null,"",""]
["Мини ПК Shuttle DH110",null,null,"ПАК","перекупное","шт.","","",0,1000,0,null,16900,null,0,null,0,null,0,null,0,null,0,0]
["Процессор Intel Core i5 - 6400 BOX",null,null,"ПАК","перекупное","шт.","","",0,1000,0,null,12470,null,0,null,0,null,0,null,0,null,0,0]
["Оперативная память 8Gb DDR-III 1600MHz Kingston SO-DIMM (KVR16LS11/8)",null,null,"ПАК","перекупное","шт.","","",0,1000,0,null,4850,null,0,null,0,null,0,null,0,null,0,0]
["Твердотельный накопитель 120Gb SSD Western Digital Green",null,null,"ПАК","перекупное","шт.","","",0,1000,0,null,3560,null,0,null,0,null,0,null,0,null,0,0]
["Лицензия ОС Win10 Pro Box",null,null,"ПАК","перекупное","шт.","","",0,1000,0,null,13650,null,0,null,0,null,0,null,0,null,0,0]
["Бесконтактный сенсор Orbbec Astra",null,null,"ПАК","перекупное","шт.","","",0,1000,0,null,21000,null,0,null,0,null,0,null,0,null,0,0]
["Портативный проектор Panasonic PT-VX420",null,null,"ПАК","перекупное","шт.","","",0,1000,0,null,80000,null,0,null,0,null,0,null,0,null,0,0]
["Кабель-удлинитель USB 3.0(AM)/USB 3.0(AF), активный, 5m",null,null,"ПАК","перекупное","шт.","","",0,1000,0,null,1200,null,0,null,0,null,0,null,0,null,0,0]
["Кабель VCOM HDMI - HDMI v2.0, 5м",null,null,"ПАК","перекупное","шт.","","",0,1000,0,null,650,null,0,null,0,null,0,null,0,null,0,0]
["Пластина 150*150*2 мм (8 отв. 5,5 мм)",null,null,"Кронштейн","перекупное","шт.","","",0,1000,0,null,200,null,0,null,0,null,0,null,0,null,0,0]
["Пластина 150*150*4 мм (4 отв. 10,5 мм)",null,null,"Кронштейн","перекупное","шт.","","",0,1000,0,null,300,null,0,null,0,null,0,null,0,null,0,0]
["Труба 20*2,8",null,null,"Кронштейн","в производстве","м.п.","","",0,1000,0,null,82.9,null,0,null,0,null,0,null,0,null,0,0]
["Труба 15*2,8",null,null,"Кронштейн","в производстве","м.п.","","",0,1000,0,null,77.400000000000006,null,0,null,0,null,0,null,0,null,0,0]
["Болт М10х20 мм",null,null,"Кронштейн","в производстве","шт.","","",0,1000,0,null,4.42,null,0,null,0,null,0,null,0,null,0,0]
["Гайка М10",null,null,"Кронштейн","в производстве","шт.","","",0,1000,0,null,1.59,null,0,null,0,null,0,null,0,null,0,0]
["Анкер болт М10х100мм",null,null,"Кронштейн","в производстве","шт.","","",0,1000,0,null,16.899999999999999,null,0,null,0,null,0,null,0,null,0,0]
["Порошковая покраска",null,null,"Кронштейн","в производстве","шт.","","",0,1000,0,null,1000,null,0,null,0,null,0,null,0,null,0,0]
["Рукав мягкий (2,5 м)",null,null,"Кронштейн","перекупное","шт.","","",0,1000,0,null,247.5,null,0,null,0,null,0,null,0,null,0,0]
["Хомут пластиковый",null,null,"Кронштейн","в производстве","шт.","","",0,1000,0,null,5,null,0,null,0,null,0,null,0,null,0,0]
["Лицензия ПО для игр",null,null,"ПО","перекупное","шт.","","",0,1000,0,null,7000,null,0,null,0,null,0,null,0,null,0,0]
["Лицензия Игра",null,null,"ПО","перекупное","шт.","","",0,1000,0,null,4200,null,0,null,0,null,0,null,0,null,0,0]
[0,null,null,null,"","","","",0,1000,null,null,null,null,0,null,0,null,0,null,0,null,"",""]
[0,null,null,null,"","","","",0,1000,null,null,null,null,0,null,0,null,0,null,0,null,"",""]
[null,null,null,null,"","","","",0,1000,null,null,null,null,0,null,0,null,0,null,0,null,"",""]
[null,null,null,null,"","","","",0,1000,null,null,null,null,0,null,0,null,0,null,0,null,"",""]
[null,null,null,null,"","","","",0,1000,null,null,null,null,0,null,0,null,0,null,0,null,"",""]
[null,null,null,null,"","","","",0,1000,null,null,null,null,0,null,0,null,0,null,0,null,"",""]
[null,null,null,null,"","","","",0,1000,null,null,null,null,0,null,0,null,0,null,0,null,"",""]
[null,null,null,null,"","","","",0,1000,null,null,null,null,0,null,0,null,0,null,0,null,"",""]
[null,null,null,null,"","","","",0,1000,null,null,null,null,0,null,0,null,0,null,0,null,"",""]
[null,null,null,null,"","","","",0,1000,null,null,null,null,0,null,0,null,0,null,0,null,"",""]
[null,null,null,null,"","","","",0,1000,null,null,null,null,0,null,0,null,0,null,0,null,"",""]
[null,null,null,null,"","","","",0,1000,null,null,null,null,0,null,0,null,0,null,0,null,"",""]
[null,null,null,null,"","","","",0,1000,null,null,null,null,0,null,0,null,0,null,0,null,"",""]
[null,null,null,null,"","","","",0,1000,null,null,null,null,0,null,0,null,0,null,0,null,"",""]
[null,null,null,null,"","","","",0,1000,null,null,null,null,0,null,0,null,0,null,0,null,"",""]
[null,null,null,null,"","","","",0,1000,null,null,null,null,0,null,0,null,0,null,0,null,"",""]
[null,null,null,null,"","","","",0,1000,null,null,null,null,0,null,0,null,0,null,0,null,"",""]
[null,null,null,null,"","","","",0,1000,null,null,null,null,0,null,0,null,0,null,0,null,"",""]
[null,null,null,null,"","","","",0,1000,null,null,null,null,0,null,0,null,0,null,0,null,"",""]
[null,null,null,null,"","","","",0,1000,null,null,null,null,0,null,0,null,0,null,0,null,"",""]
[null,null,null,null,"","","","",0,1000,null,null,null,null,0,null,0,null,0,null,0,null,"",""]
[null,null,null,null,"","","","",0,1000,null,null,null,null,0,null,0,null,0,null,0,null,"",""]
[null,null,null,null,"","","","",0,1000,null,null,null,null,0,null,0,null,0,null,0,null,"",""]
[null,null,null,null,"","","","",0,1000,null,null,null,null,0,null,0,null,0,null,0,null,"",""]
[null,null,null,null,"","","","",0,1000,null,null,null,null,0,null,0,null,0,null,0,null,"",""]
[null,null,null,null,"","","","",0,1000,null,null,null,null,0,null,0,null,0,null,0,null,"",""]
[null,null,null,null,null,null,null,null,null,null,null,null,null,null,408144.32062709,null,null,null,384731.31,null,null,null,{"$error":"#N/A"},{"$error":"#N/A"}]

{"sheet":"Спецификация","index":1,"n_rows":57,"n_cols":3,"rows_kept":57,"cut":false,"hidden":false,"merged":[]}
[]
[]
[]
[]
["Наименование материала","Ед.изм.","Кол-во"]
["Профильная труба 60*60*3,0","м.п.",1030]
["Лист 4 мм г/к","м2",1]
["Заглушка пластиковая 60х60","шт.",6]
["Уголок 25*3","м.п.",24]
["Гайка М10","шт.",81]
["Анкер болт М12х120мм","шт.",42]
["П-образный крепеж","шт.",14]
["Болт М12х80 мм","шт.",14]
["Гайка М12","шт.",14]
["Шайба 12","шт.",28]
["Пружина 256х29 мм","шт.",162]
["ПВХ ткань 2-слойная 650","м2",57]
["Поролон 40 мм","м2",18]
["ВВПУ 30 мм","м2",14]
["Клей для поролона","кг",3]
["Шнур 2,5мм (100м)","м.п.",600]
["Люверс стальной №31 31*16мм","шт.",270]
["Клей для ПВХ (900-И)","кг",1]
["Нитки","м.п.",200]
["Канат полиамидный тросовой свивки (ПАТ) 5 мм","м.п.",100]
["Лента контакт 100 мм","м.п.",4]
["Покраска (эмаль НЦ-115)","м2",16]
["Профильная труба 40*20*2,0","м.п.",24]
["Краска ВД (1л) с коллеровкой","шт.",10]
["Батутное полотно СП (ПВХ) 3*3 м","шт.",2]
["Труба 32*3,2","м.п.",84]
["Труба 25*3,2","м.п.",6]
["Пятка стойки 140*40 мм, 2 отв 10,5 мм","шт.",12]
["Болт М10х20 мм","шт.",57]
["Рукав мягкий (2,5 м)","шт.",35]
["Хомут пластиковый","шт.",620]
["Ухо 40*40*4 мм (отв. 10,5 мм)","шт.",54]
["Шайба пружинная 10","шт.",17]
["Сетка заградительная 40х40 мм h=3м","м.п.",17]
["Фанера 1525*1525*15 мм сорт 4/4","шт.",6]
["Саморез 4*25 мм желтый/цинк","шт.",600]
["ПВХ ткань 2-слойная 600","м2",15]
["Болт М10*60мм","шт.",8]
["Шайба кузовная 10","шт.",16]
["Профильная труба 20*20*2,0","м.п.",6]
["Полоса 40*4","м.п.",6]
["Анкер болт М10х100мм","шт.",16]
["Усовая гайка М10","шт.",144]
["Зацепы","шт.",64]
["Ухо 40*40*4 мм (отв. 12,5 мм)","шт.",16]
["Болт вн.шестигр. М8х40 мм","шт.",40]
["Фанера 1525*1525*15 мм сорт 2/4","шт.",4]
["Гайка М8","шт.",40]
["Болт М10*70мм","шт.",16]
["Шайба 10","шт.",32]
["Лак акриловый (1кг)","шт.",10]
["Составной колпачок под болт/гайку КЧ36КК","шт.",40]